00658nam a22001817a 4500008004100000082002200041245002900063250001300092260007800105300002500183500002400208650003200232653002500264655002400289942002200313999001700335952012400352140205s2004 xxk||||gri 011 0 eng d04222a016.6584bNEW00aNew cases in management. a15th ed. aBedfordshire, United Kingdom :bEuropean Case Clearing House Ltd.,c2004. axv, 222 p. ;c30 cm. aIndex : p. 209-222. 935088aManagement vIndexes bBUSADMcFebruary2014 vreading book934232 2ddck016.6584 NEW c18037d18009 00102ddc40708Donation-GaMAINbMAINcLOWd2014-02-05eDonationl0o016.6584 NEWp000035590r2025-07-15 00:00:00yBB